000 00469nam a2200121Ia 4500
008 220620s9999||||xx |||||||||||||| ||und||
100 _aWilson, Faith Agostinone
245 0 _aEnough Already!
_bA Socialist Feminist Response to the Re-emergence of Right Wing Populism and Fascism in Media
546 _aEnglish[eng]
650 _aSocial Science||Sociology||General
856 _uhttps://library.oapen.org/bitstream/20.500.12657/43441/1/external_content.pdf
942 _cEB
999 _c32538
_d32538